Statistiques concernant Meilleurs buteurs du Championnat d’Europe de football

Cliquez ici pour prendre le quiz!

Statistiques générales

  • Ce quiz a été pris 131 fois
  • Le résultat moyen est 6 sur 32

Statistiques - réponses

ÉditionÉquipeMeilleur buteur% Correct
2016FranceAntoine Griezmann
82%
2020PortugalCristiano Ronaldo
67%
2012PortugalCristiano Ronaldo
67%
2012EspagneFernando Torres
64%
1984FranceMichel Platini
61%
2020République tchèquePatrik Schick
51%
1988Pays-BasMarco Van Basten
45%
2012CroatieMario Mandžukić
43%
2012ItalieMario Balotelli
29%
2008EspagneDavid Villa
20%
1972Allemagne de l'OuestGerd Müller
19%
2000Pays-BasPatrick Kluivert
14%
1992Pays-BasDennis Bergkamp
13%
2012AllemagneMario Gómez
9%
1992SuèdeTomas Brolin
6%
1996AngleterreAlan Shearer
5%
1992DanemarkHenrik Larsen
3%
2004PortugalMilan Baroš
3%
2000YougoslavieSavo Milošević
3%
1968YougoslavieDragan Džajić
2%
1992AllemagneKarl-Heinz Riedle
2%
1980Allemagne de l'OuestKlaus Allofs
2%
2012RussieAlan Dzagoev
1%
1976Allemagne de l'OuestDieter Müller
1%
1964HongrieFerenc Bene
1%
1960FranceFrançois Heutte
1%
1960YougoslavieMilan Galić
1%
1960Union soviétiqueValentin Koz'mič Ivanov
1%
1964HongrieDezső Novák
0%
1960YougoslavieDražan Jerković
0%
1964EspagneJesús María Pereda
0%
1960Union soviétiqueViktor Ponedel'nik
0%

Distribution des résultats

Percentile par nombre de réponses

% des personnes avec chaque résultat

Votre développement - résultats

Vous n’avez pas pris ce quiz